000 00328nam a22001457a 4500
008 231025b ||||| |||| 00| 0 eng d
020 _a9780375422218
041 _aeng
080 _a521
082 _a521BAR
100 _a19
101 _aASTRO
245 _aTHE CONSTANTS FROM ALPHA TO OMEGA
_cBARROW.D.J
942 _2udc
_cBK
999 _c60461
_d60461